Bowling for Soup's 1985 - Statistics

General Stats
  • This quiz has been taken 1,566 times
  • The average score is 12 of 16
Answer Stats
Hint Answer % Correct
And music still on ___ MTV
94%
Way before _______ Nirvana
85%
On the hood of __________'s car Whitesnake
85%
And _______ Blondie
84%
There was __ U2
84%
Thought she'd get a hand, on a member of _____ _____ Duran Duran
81%
_______ Madonna
79%
Who's the other guy that's singing in ___ _____? Van Halen
79%
And when did ____ become an actor? Ozzy
73%
Nothing has been alright since _____ ___________ Bruce Springsteen
71%
She rocked out to ____! Wham!
70%
______ __ ____ Pretty in Pink
65%
She knows every line, _________ ____ Breakfast Club
63%
Not a big ____ ______ fan Limp Bizkit
62%
Even __. ____'_ ____ St. Elmo's Fire
62%
When did _____ ____ become classic rock? Motley Crue
52%
No matching quizzes found
Score Distribution
Percent of People with Each Score
Percentile by Number Answered
Your Score History
You have not taken this quiz